<?xml version="1.0" encoding="UTF-8"?>
<collection xmlns="http://www.loc.gov/MARC21/slim">
 <record>
  <leader>00420pamaa2200145   4500</leader>
  <controlfield tag="001">0000039758</controlfield>
  <controlfield tag="005">20160119090000.0</controlfield>
  <datafield tag="020" ind1="0" ind2="0">
   <subfield code="a">9832737001 (pbk) </subfield>
  </datafield>
  <datafield tag="082" ind1=" " ind2=" ">
   <subfield code="a">823 SPI</subfield>
  </datafield>
  <datafield tag="090" ind1="0" ind2="0">
   <subfield code="a">PL5147.3 </subfield>
   <subfield code="b">SPI 2003</subfield>
  </datafield>
  <datafield tag="245" ind1="1" ind2="0">
   <subfield code="a">SPIRIT of the Keris : </subfield>
   <subfield code="b">a selection of Malaysian short stories and poems.</subfield>
  </datafield>
  <datafield tag="260" ind1="0" ind2="0">
   <subfield code="a">Petaling Jaya: </subfield>
   <subfield code="b">Maya Press Sdn. Bhd., </subfield>
   <subfield code="c">2003.</subfield>
  </datafield>
  <datafield tag="300" ind1=" " ind2=" ">
   <subfield code="a">x, 326p.; </subfield>
   <subfield code="c">22cm.</subfield>
  </datafield>
  <datafield tag="650" ind1="0" ind2="0">
   <subfield code="a">Short Stories </subfield>
  </datafield>
  <datafield tag="700" ind1="1" ind2="1">
   <subfield code="a">Husna Azhari </subfield>
  </datafield>
 </record>
</collection>
